|
|
|
|
| LEADER |
00000nam a2200000Ia 4500 |
| 008 |
160204b2000 AG ||||| |||| 00| | spa d |
| 020 |
|
|
|a 9507862501
|
| 090 |
|
|
|a 06.03.06
|b 1474
|
| 245 |
0 |
0 |
|a Educación Superior en el Siglo XXI. Desafío Global y Respuesta Nacional /
|c Philip G Altbach (ed.), Patti McGill Peterson (ed.)
|
| 260 |
|
|
|a Buenos Aires, Argentina :
|b Biblos,
|c 2000
|
| 300 |
|
|
|a 126 páginas
|
| 650 |
1 |
4 |
|9 8
|a EDUCACIÓN SUPERIOR
|
| 650 |
1 |
4 |
|a TRABAJO
|9 886
|
| 651 |
|
4 |
|a CHINA
|9 415
|
| 651 |
|
4 |
|a INDIA
|9 1421
|
| 651 |
|
4 |
|a AFRICA
|9 537
|
| 651 |
|
4 |
|a AMÉRICA LATINA
|9 273
|
| 651 |
|
4 |
|a EUROPA
|9 1005
|
| 700 |
1 |
|
|a Altbach, Philip G.
|9 1422
|e Editor
|
| 700 |
1 |
|
|a Patti McGill Peterson
|9 1423
|e Editor
|
| 942 |
|
|
|i 003283
|h 06.03.06 1474
|2 z
|c 01
|
| 999 |
|
|
|c 350
|d 350
|